<?xml version="1.0" encoding="UTF-8"?>
<marc:record xmlns:marc="http://www.loc.gov/MARC21/slim">
   <marc:leader>00000nam a2200000 a 4500</marc:leader>
   <marc:datafield ind1="1" ind2=" " tag="100">
      <marc:subfield code="a">Heller, Peter</marc:subfield>
      <marc:subfield code="4">aut</marc:subfield>
      <marc:subfield code="e">Verfasser/-in</marc:subfield>
   </marc:datafield>
   <marc:datafield ind1="0" ind2="0" tag="245">
      <marc:subfield code="a">Das Ende der Sterne wie Big Hig sie kannte</marc:subfield>
   </marc:datafield>
   <marc:datafield ind1="0" ind2="0" tag="245">
      <marc:subfield code="b">Roman</marc:subfield>
   </marc:datafield>
   <marc:datafield ind1="0" ind2="0" tag="245">
      <marc:subfield code="c">Peter Heller. Aus dem amerikan. Engl. von Eva Bonné</marc:subfield>
   </marc:datafield>
   <marc:datafield ind1=" " ind2="1" tag="264">
      <marc:subfield code="a">Köln</marc:subfield>
      <marc:subfield code="b">Eichborn</marc:subfield>
      <marc:subfield code="c">2013</marc:subfield>
   </marc:datafield>
   <marc:datafield ind1="1" ind2=" " tag="520">
      <marc:subfield code="a">Angaben aus der Verlagsmeldung

Das Ende der Sterne wie Big Hig sie kannte The Dog Stars / von Peter Heller

Die Welt ist untergegangen, aber Hig hat überlebt. Ebenso sein einziger Nachbar, ein menschenfeindlicher Waffennarr mit dem Herz auf dem rechten Fleck, der ihn - brutal, aber verlässlich - beschützt. Hig lebt im Hangar eines verwilderten
Flughafens und tuckert mit einer alten Cessna übers Gelände, sein Hund Jaspar ist sein treuer Copilot. Man schlägt sich halt so durch. Dann empfängt er plötzlich ein Funksignal. Gibt es doch noch Leben, jenseits seines kleinen Flughafens?
Hig beginnt eine abenteuerliche Reise, und was er entdeckt, übertrifft seine schlimmsten Ängste - und seine größte Hoffnung.
</marc:subfield>
   </marc:datafield>
   <marc:datafield ind1=" " ind2=" " tag="020">
      <marc:subfield code="a">9783847905196</marc:subfield>
      <marc:subfield code="9">9783847905196</marc:subfield>
   </marc:datafield>
   <marc:datafield ind1=" " ind2=" " tag="020">
      <marc:subfield code="a">3847905198</marc:subfield>
      <marc:subfield code="9">3847905198</marc:subfield>
   </marc:datafield>
   <marc:datafield ind1=" " ind2=" " tag="300">
      <marc:subfield code="a">320 S.</marc:subfield>
   </marc:datafield>
</marc:record>
